[Event "AUTO-OPEN-3815"]
[Site "http://www.queenalice.com/game.php?id=1482880"]
[Date "2017.6.19"]
[Round "1"]
[White "Esvir"]
[Black "Fdfcosta"]
[Result "1-0"]
[WhiteElo "2059"]
[BlackElo "1608"]

1. d4 b6 2. c4 Bb7 3. Nc3 g6 4. e4 Bg7 5. Nf3 e6 6. e5 Ne7 7. Be2 O-O 8. O-O d6
9. Bg5 Qd7 10. c5 d5 11. b4 Nec6 12. b5 Nxd4 13. Qxd4 bxc5 14. Qxc5 Rc8 15. Rad1
c6 16. b6 a5 17. Na4 Ba6 18. Bxa6 Nxa6 19. Qd6 Qb7 20. Nd4 c5 21. Nb5 Bf8 22.
Rb1 Bxd6 23. Nxd6 Qd7 24. b7 Rf8 25. bxa8=Q Rxa8 26. Nb6 Qa7 27. Nxa8 Qxa8 28.
Bf6 Nb4 29. Rb3 c4 30. Rb2 c3 31. Rb3 d4 32. a3 Nd5 33. Rfb1 Nc7 34. Rb8+ Ne8
35. Rxa8 h5 36. Rxe8+ 1-0

[Event "AUTO-OPEN-3815"]
[Site "http://www.queenalice.com/game.php?id=1482881"]
[Date "2017.6.19"]
[Round "1"]
[White "Fdfcosta"]
[Black "Esvir"]
[Result "1-0"]
[WhiteElo "1589"]
[BlackElo "2029"]

1. f4 d5 2. Nf3 Nf6 3. e3 a6 4. d4 c5 5. c3 e6 6. Be2 Be7 7. O-O O-O 8. Nbd2 Nc6
9. Ne5 Qd6 10. Ndf3 cxd4 11. cxd4 Ne4 12. Nxc6 bxc6 13. Bd3 a5 14. Qc2 f5 15.
Ne5 c5 16. dxc5 Nxc5 17. Bb5 Bb7 18. a4 Rac8 19. Bd2 Nd7 20. Qd1 Nxe5 21. fxe5
Qxe5 22. Qb3 Rb8 23. Bxa5 Ba6 24. Bd2 Bc5 25. Qd3 Bxb5 26. axb5 Qxb2 27. Rfb1
Qe5 28. Bc3 Qxe3+ 29. Qxe3 Bxe3+ 30. Kf1 Rfc8 31. Be5 Rb7 32. Ke2 d4 33. b6 Rc6
34. Ra8+ Kf7 35. Ra7 Rxa7 36. bxa7 Ra6 37. Rb7+ Kg6 38. Rxg7+ Kh5 39. Rxh7+ Kg6
40. Rd7 f4 41. Kd3 Kf5 42. Bb8 Ra3+ 43. Kc4 Ke4 44. h4 f3 45. gxf3+ Kxf3 46. Bd6
Ra2 47. Bc5 Rc2+ 48. Kb3 Rc3+ 49. Kb4 Bd2 50. a8=Q+ Ke2 51. Qg2+ Kd1 52. Rxd4
Rd3+ 53. Kb5 1-0

[Event "AUTO-INT-3256"]
[Site "http://www.queenalice.com/game.php?id=1483003"]
[Date "2017.6.19"]
[Round "1"]
[White "od_xavier"]
[Black "Fdfcosta"]
[Result "1-0"]
[WhiteElo "1409"]
[BlackElo "1620"]

1. e4 c5 2. c3 b6 3. Bc4 Nc6 4. d4 cxd4 5. cxd4 e6 6. a3 a5 7. Nf3 Be7 8. O-O
Nf6 9. Nbd2 d5 10. exd5 Nxd5 11. Ne5 Nxe5 12. dxe5 Bb7 13. Nf3 O-O 14. Bd2 Bc5
15. Ng5 Rc8 16. Rc1 Qc7 17. Qh5 h6 18. Ne4 Ne3 19. Bxe3 Bxe3 20. fxe3 Bxe4 21.
b3 Qc5 22. Kh1 Rfd8 23. Qxf7+ Kh7 24. Bxe6 Bg6 25. Rxc5 Bxf7 26. Rxc8 1-0

[Event "AUTO-INT-3256"]
[Site "http://www.queenalice.com/game.php?id=1483004"]
[Date "2017.6.19"]
[Round "1"]
[White "Fdfcosta"]
[Black "od_xavier"]
[Result "1-0"]
[WhiteElo "1596"]
[BlackElo "1492"]

1. f4 Nc6 2. Nf3 Nf6 3. e3 e6 4. d4 d5 5. Be2 Be7 6. O-O O-O 7. a3 h6 8. c4 dxc4
9. Bxc4 Ne4 10. Nbd2 f5 11. Nxe4 fxe4 12. Ne5 Nxe5 13. dxe5 c6 14. Qb3 b5 15.
Bxe6+ Bxe6 16. Qc3 a6 17. Qxc6 Bc4 18. Re1 Rc8 19. Qxe4 Bc5 20. b4 Bb6 21. Bb2
Qd5 22. Qg6 Rxf4 23. e6 Rc7 24. e7 Rxe7 25. Qxb6 Rg4 26. g3 Qd2 27. Bd4 Bd5 28.
Qd8+ Kh7 29. Qxd5 Qd3 30. Qf3 Qg6 31. Rac1 Re6 32. Rc7 Qe4 33. Qxe4+ Rexe4 34.
Kf2 Re6 35. Rec1 Rg5 36. Rf7 h5 37. Rcc7 Reg6 38. Kf3 Kh6 39. Rf8 Kh7 40. Rcc8
h4 41. Rh8# 1-0

[Event "AUTO-INT-3256"]
[Site "http://www.queenalice.com/game.php?id=1483021"]
[Date "2017.6.19"]
[Round "1"]
[White "Fdfcosta"]
[Black "philippecmp"]
[Result "1-0"]
[WhiteElo "1619"]
[BlackElo "1438"]

1. f4 d5 2. Nf3 Nc6 3. e3 f6 4. d4 h6 5. Be2 Bf5 6. c4 e5 7. cxd5 Qxd5 8. fxe5
fxe5 9. Nc3 Qe6 10. d5 Qd6 11. e4 Bg6 12. dxc6 bxc6 13. O-O Nf6 14. Nd2 Be7 15.
Bc4 Ng4 16. Qxg4 Bg5 17. Nf3 Bf4 18. Bxf4 exf4 19. b3 Bh7 20. Rad1 Qb4 21. Qxg7
Rf8 22. Qd7# 1-0

[Event "AUTO-INT-3256"]
[Site "http://www.queenalice.com/game.php?id=1483022"]
[Date "2017.6.19"]
[Round "1"]
[White "philippecmp"]
[Black "Fdfcosta"]
[Result "1-0"]
[WhiteElo "1381"]
[BlackElo "1649"]

1. e4 c5 2. Nf3 Nc6 3. Bc4 e6 4. c3 a6 5. d4 b5 6. Be2 cxd4 7. cxd4 Nf6 8. Bd3
Be7 9. O-O d5 10. exd5 Nxd5 11. Qc2 Ncb4 12. Qb3 Nxd3 13. Qxd3 Bb7 14. a3 O-O
15. Nc3 Nxc3 16. Qxc3 Rc8 17. Qd3 Rc4 18. b3 Rc8 19. Bb2 Bf6 20. Rfe1 Qd5 21. b4
Rfd8 22. Re4 Qxe4 23. Qxe4 Bxe4 24. Nd2 Bd5 25. Re1 1-0

[Event "AUTO-INT-3256"]
[Site "http://www.queenalice.com/game.php?id=1483023"]
[Date "2017.6.19"]
[Round "1"]
[White "Fdfcosta"]
[Black "carpielo"]
[Result "1-0"]
[WhiteElo "1586"]
[BlackElo "1628"]

1. f4 d5 2. Nf3 Bg4 3. e3 Bxf3 4. Qxf3 e6 5. Be2 Bc5 6. d4 Bd6 7. c4 c6 8. c5
Be7 9. O-O b6 10. b4 bxc5 11. bxc5 Nf6 12. Nd2 O-O 13. Rb1 a5 14. a4 Na6 15.
Bxa6 Rxa6 16. Qe2 Ne4 17. Qxa6 Nc3 18. Ra1 Ne2+ 19. Kf2 Nxc1 20. Rfxc1 h5 21.
Rab1 1-0

[Event "AUTO-INT-3256"]
[Site "http://www.queenalice.com/game.php?id=1483024"]
[Date "2017.6.19"]
[Round "1"]
[White "carpielo"]
[Black "Fdfcosta"]
[Result "0-1"]
[WhiteElo "1604"]
[BlackElo "1604"]

1. e4 c5 2. d4 cxd4 3. Qxd4 Nc6 4. Qd1 g6 5. Bb5 Bg7 6. Bxc6 bxc6 7. c3 e6 8.
Nf3 Ba6 9. Qb3 Ne7 10. c4 Rb8 11. Qa3 Bxc4 12. Qxa7 O-O 13. Qc5 Bd3 14. Nbd2 d6
15. Qd4 Bxd4 16. Nxd4 c5 0-1

[Event "Challenge"]
[Site "http://www.queenalice.com/game.php?id=1495752"]
[Date "2017.9.21"]
[Round "-"]
[White "WLAO"]
[Black "Fdfcosta"]
[Result "0-1"]
[WhiteElo "1657"]
[BlackElo "1666"]

1. b3 d5 2. Bb2 Nc6 3. Nf3 Bg4 4. d3 Bxf3 5. exf3 f6 6. Be2 e5 7. Nd2 Qd7 8. O-O
O-O-O 9. c3 d4 10. cxd4 Nxd4 11. Bxd4 Qxd4 12. Nc4 g5 13. a3 Ne7 14. Na5 Nd5 15.
b4 Nc3 16. Qd2 Nxe2+ 17. Qxe2 h5 18. b5 g4 19. b6 cxb6 20. Nc4 Bc5 21. fxg4 hxg4
22. a4 Rh6 23. Qxg4+ Qxg4 24. g3 Qh3 25. Rfe1 Qxh2+ 26. Kf1 Qxf2# 0-1